Mikrocenzus 2003 údaje o príjmoch domácností za SR

Gespeichert in:
Bibliographische Detailangaben
Format: Buch
Sprache:Slowakisch
Veröffentlicht: Bratislava Štatistický úrad Slovenskej republiky 2004
Schriftenreihe:Demografia a sociálna štatistika
Schlagworte:
Tags: Tag hinzufügen
Keine Tags, Fügen Sie das erste Tag hinzu!

MARC

LEADER 00000nam$a2200000$$$4500
001 0009600
005 20251208090324.4
041 0 |a slo 
044 |a SK 
245 1 0 |a Mikrocenzus 2003  |b údaje o príjmoch domácností za SR 
264 1 |a Bratislava  |b Štatistický úrad Slovenskej republiky  |c 2004 
300 |a 136 s. 
490 1 |a Demografia a sociálna štatistika 
830 0 |a Demografia a sociálna štatistika 
610 2 0 |a Slovensko 
610 2 0 |a príjmy obyvateľstva 
610 2 0 |a štruktúra obyvateľstva 
610 2 0 |a domácnosti